000 00867cab a22002055a 4500
001 L151319
008 101021e20101015xxkd f s 000 0 eng d
035 _a(Sirsi) u151319
041 0 _aeng
110 2 _aExperian Business Strategies
_94789
245 0 4 _aThe tracker
_bthat sinking feeling
260 _c2010
490 _aBuilding
_v275 (8650) 15 October 2010, 56-57(2)
520 _aConstruction workload is expected to keep falling over the next three months but the pace of decline should begin to ease, according to latest figures from Experian Marketing Information Services; the state of play; leading construction activity indicator; material costs; regional perspective across the UK.
590 _aKA
650 2 4 _aEXPERIAN CONSTRUCTION INDUSTRY FOCUS
651 4 _aUnited Kingdom
_y
690 _aBUILT ENVIRONMENT-CONSTRUCTION MARKET
942 _n0
999 _c82768
_d82768